| 000 | 00779nam a2200217 a 4500 | ||
|---|---|---|---|
| 005 | 20210223132746.0 | ||
| 008 | 151022s2010 mx r 000 0 spa d | ||
| 020 | _a9788498417814 | ||
| 035 | _aUPN01000206238 | ||
| 049 | _aCG | ||
| 050 | 4 |
_aR703 _bO9.3 |
|
| 100 | 1 |
_aOwen, David, _d1938- _938146 |
|
| 245 | 1 | 3 |
_aEn el poder y en la enfermedad : _benfermedades de Jefes de Estado de Gobierno en los últimos cien años / _cDavid Owen ; tr. María Condor. |
| 260 |
_aMadrid : _bSiruela, _cc2010. |
||
| 300 |
_a513 p. : _bil. |
||
| 440 | 3 |
_aEl ojo del tiempo ; _v51 |
|
| 534 |
_pTitulo original: _tIn sickness and in power : Illness in heads of government during the last 100 years |
||
| 650 | 4 |
_aJEFES DE ESTADO - _xENFERMEDADES _924467 |
|
| 905 | _aLibro | ||
| 999 |
_c178339 _d178339 |
||